000 00395nam a2200157Ia 4500
008 220216s9999 xx 000 0 und d
100 _aMa Y
245 0 _aElectrostriction of rubber sheets
260 _bRubber Chemistry and Technology
_c1996
300 _a674-685
650 _aElectrostriction
650 _aPolyisoprene
650 _aRubber sheet
700 _aReneker D H
942 _cJS
999 _c58545
_d58545